000
00345nam a22001217a 4500
003
SGT
082
_a
891.4309
_b
Y20M
100
_a
मालविका
245
_a
यूँ ही साथ साथ चलते : 31वर्ष आगे
260
_b
सान्निध्य बुक्स
_c
2020
300
_a
69
942
_2
ddc
_c
BK
999
_c
31847
_d
31847